Riconosci il Pokémon - Quiz n°219 - Statistics

Statistiche generali
  • Questo quiz è stato fatto 1 volte
  • Il punteggio medio è 10 su 10
Statistiche sulle risposte
Indizio Risposta % Corretto
Peso 100,0 kg
100%
Tasso di cattura 200 (36.6%)
100%
Altezza 2,00 m
100%
Sesso 50% ♂, 50% ♀
100%
Abilità Clorofilla; Solarpotere; Coglibacche
100%
Tipo Erba / Volante
100%
Tasso di allevamento Lento
100%
Stadio evoluzione Non si evolve
100%
Generazione Terza
100%
Pokémon Tropius
100%
Nessun quiz corrispondente trovato
Distribuzione punteggi
Percentuale di utenti per punteggio
Percentile per numero di risposta
I tuoi punteggi nel tempo
Non hai fatto questo quiz